000 00666cam a22001457a 4500
008 180718b1999 xxu||||| |||| 00| 0 eng d
082 _aG932x54 R15
100 _aRanchhoddas, Ratanlal
245 _aRatanlal and Dhirajlal's the Indian penal code (act XLV of 1860) with exhaustive notes, comments, case-law references, state amendments along with schedule of classification of offences and forms as prescribed under code of criminal procedure, 1973
_cby Ratanlal Ranchhoddas and Dhirajlal Keshavlal Thakore
250 _a28th edition
260 _aAgra
_bWadhwa
_c1999
300 _a927+p.
650 _aCriminal law - India
700 _aThakore, Dhirajlal Keshavlal
999 _c488278
_d488278